[Event "BPB Limburg-open C"]
[Site "Maastricht"]
[Date "2015.05.23"]
[Round "2"]
[White "Bijvank, Evelyn"]
[Black "Maass, Andre"]
[Result "0-1"]
[WhiteElo "900"]
[BlackElo "1483"]
[PlyCount "120"]
[EventDate "2015.05.22"]
[EventType "swiss"]
[EventRounds "7"]
[EventCountry "NED"]
[Source "P.Boonen"]
[SourceDate "2015.01.01"]

1. e4 c5 2. Nf3 Nc6 3. d4 cxd4 4. Nxd4 Nf6 5. Nc3 e5 6. Nxc6 bxc6 7. Bc4 Bb4 8.
Qf3 h6 9. Bd2 d6 10. a3 Ba5 11. b4 Bb6 12. O-O O-O 13. h3 Nh7 14. Rfe1 Qf6 15.
Qxf6 Nxf6 16. Be3 Be6 17. Bxb6 Bxc4 18. Be3 Rfd8 19. Rad1 Rd7 20. Bd2 Rad8 21.
Re3 Nh5 22. Rde1 Kh7 23. g4 Nf4 24. Rg3 g5 25. Kh2 f6 26. Rge3 d5 27. Rg3 Ng6
28. a4 d4 29. Nd1 Nf4 30. c3 dxc3 31. Bxc3 Rxd1 32. Rxd1 Rxd1 33. a5 Kg7 34.
Re3 a6 35. Kg3 Rh1 36. f3 Rxh3+ 37. Kf2 Rh2+ 38. Kg1 Re2 39. Rxe2 Nxe2+ 40. Kf2
Nxc3 41. Ke3 Bb5 42. Kd2 Ne2 43. Ke3 h5 44. gxh5 Kh6 45. Kf2 Kxh5 46. Kg2 Kh4
47. Kh2 Nf4 48. Kg1 Kg3 49. Kh1 Kxf3 50. Kh2 Kxe4 51. Kg3 Be2 52. b5 cxb5 53.
Kf2 g4 54. Kg3 b4 55. Kf2 b3 56. Kg3 b2 57. Kf2 b1=Q 58. Kg3 Qe1+ 59. Kh2 Qf2+
60. Kh1 Qg2# 0-1

[Event "BPB Limburg-open C"]
[Site "Maastricht"]
[Date "2015.05.23"]
[Round "2"]
[White "Bijvank, Kylian"]
[Black "Overmeer, Henk"]
[Result "1-0"]
[WhiteElo "1371"]
[BlackElo "1644"]
[PlyCount "83"]
[EventDate "2015.05.22"]
[EventType "swiss"]
[EventRounds "7"]
[EventCountry "NED"]
[Source "P.Boonen"]
[SourceDate "2015.01.01"]

1. e4 c5 2. Nf3 d6 3. d4 cxd4 4. Nxd4 Nf6 5. Nc3 g6 6. Be3 Bg7 7. Qd2 h5 8. f3
Nc6 9. O-O-O Bd7 10. h3 Rc8 11. Be2 Qa5 12. Nb3 Qd8 13. g4 Nb4 14. a3 Rxc3 15.
bxc3 Nc6 16. Bd4 Nxd4 17. Qxd4 O-O 18. Qxa7 Qc7 19. Qa5 b6 20. Qb4 Rc8 21. Rd4
Be6 22. Ba6 Ra8 23. Bc4 Bd7 24. Bb5 Bxb5 25. Qxb5 Qxc3 26. Qd3 Qc7 27. Nd2 Nd7
28. Rc4 Qa7 29. gxh5 Ne5 30. Qb3 Nxc4 31. Nxc4 b5 32. Qxb5 Rb8 33. Qd5 Bh6+ 34.
Kd1 Rb1+ 35. Ke2 Rxh1 36. hxg6 Rh2+ 37. Kd3 Rd2+ 38. Nxd2 Qe3+ 39. Kc4 Qc5+ 40.
Qxc5 dxc5 41. Nb3 fxg6 42. a4 1-0

[Event "BPB Limburg-open C"]
[Site "Maastricht"]
[Date "2015.05.23"]
[Round "2"]
[White "Brandsma, Romayn"]
[Black "Kutchoukov, Daniel"]
[Result "0-1"]
[WhiteElo "900"]
[BlackElo "1471"]
[PlyCount "116"]
[EventDate "2015.05.22"]
[EventType "swiss"]
[EventRounds "7"]
[EventCountry "NED"]
[Source "P.Boonen"]
[SourceDate "2015.01.01"]

1. e4 c6 2. Nf3 d5 3. exd5 cxd5 4. d4 Bg4 5. Be2 e6 6. O-O Bd6 7. Be3 Nf6 8.
Nc3 a6 9. h3 Bf5 10. a3 Nc6 11. Rb1 O-O 12. b4 Qe7 13. Qc1 Rfe8 14. b5 Bxa3 15.
Qd2 axb5 16. Rxb5 Nb4 17. Bd3 Ne4 18. Bxe4 Bxe4 19. Nxe4 dxe4 20. Ne1 Rec8 21.
c3 Nd5 22. Rb3 Qc7 23. Nc2 Bd6 24. Rc1 Ra2 25. Qe1 Nxc3 26. Kh1 Qc4 27. Rxb7
Ne2 28. Nb4 Nxc1 29. Nxa2 Nxa2 30. g3 Bb4 31. Qg1 Qc6 32. Ra7 Ra8 33. Rxa8+
Qxa8 34. Qd1 Nc3 35. Qg4 Qa1+ 36. Kg2 Qd1 37. Qxd1 Nxd1 38. Bc1 Bc3 39. Be3
Nxe3+ 40. fxe3 e5 41. d5 Kf8 42. g4 Ke7 43. Kg3 Kd6 44. Kh4 Kxd5 45. Kg5 Kc4
46. Kf5 Kd3 47. h4 Kxe3 48. g5 Kf3 49. h5 e3 50. g6 hxg6+ 51. hxg6 fxg6+ 52.
Kxg6 e2 53. Kxg7 e1=Q 54. Kg6 Qe4+ 55. Kf6 Qf4+ 56. Ke6 e4 57. Kd5 e3 58. Ke6
Qe4+ 0-1

[Event "BPB Limburg-open C"]
[Site "Maastricht"]
[Date "2015.05.23"]
[Round "2"]
[White "Chappin, Rene"]
[Black "Raats, Joppe"]
[Result "1/2-1/2"]
[WhiteElo "1608"]
[BlackElo "1495"]
[PlyCount "47"]
[EventDate "2015.05.22"]
[EventType "swiss"]
[EventRounds "7"]
[EventCountry "NED"]
[Source "P.Boonen"]
[SourceDate "2015.01.01"]

1. c4 e5 2. Nc3 Nf6 3. g3 Nc6 4. Bg2 d6 5. Nf3 Be6 6. d3 g6 7. O-O Bg7 8. Bd2
O-O 9. Ng5 Bf5 10. Rb1 Rb8 11. b4 Ne7 12. e4 Bg4 13. f3 Bd7 14. Qc1 Qc8 15. f4
Nc6 16. Nf3 Bg4 17. b5 Bxf3 18. Bxf3 Nd4 19. Qd1 Nxf3+ 20. Qxf3 Qg4 21. Nd5
Qxf3 22. Nxf6+ Bxf6 23. Rxf3 exf4 24. Bxf4 1/2-1/2

[Event "BPB Limburg-open C"]
[Site "Maastricht"]
[Date "2015.05.23"]
[Round "2"]
[White "De Cocq, Ramin"]
[Black "Lemmens, Paul"]
[Result "1-0"]
[WhiteElo "1101"]
[BlackElo "1513"]
[PlyCount "73"]
[EventDate "2015.05.22"]
[EventType "swiss"]
[EventRounds "7"]
[EventCountry "NED"]
[Source "P.Boonen"]
[SourceDate "2015.01.01"]

1. d4 f5 2. c4 Nf6 3. Nc3 e6 4. Nf3 c6 5. Qc2 d5 6. e3 Bd6 7. c5 Bc7 8. b4 Nbd7
9. a4 O-O 10. Be2 Qe8 11. b5 Qf7 12. Ba3 Ba5 13. Rb1 Ne4 14. Bb4 Nxc3 15. Qxc3
Bc7 16. Ba3 Bd8 17. Ne5 Nxe5 18. dxe5 Bd7 19. O-O Rc8 20. a5 cxb5 21. Bxb5 Bc6
22. Qb4 Bc7 23. f4 Qg6 24. a6 Rb8 25. Qa4 Rfc8 26. axb7 Bxb7 27. Bd7 Rd8 28. c6
Qf7 29. Rxb7 Rxb7 30. cxb7 Rxd7 31. Qxa7 Qe8 32. Bd6 Bxd6 33. exd6 Rd8 34. d7
Qf8 35. Rc1 Rxd7 36. Rc8 Rd8 37. Rxd8 1-0

[Event "BPB Limburg-open C"]
[Site "Maastricht"]
[Date "2015.05.23"]
[Round "2"]
[White "Dijkstra, Johan"]
[Black "De Bock, Thijs"]
[Result "0-1"]
[WhiteElo "1640"]
[BlackElo "1621"]
[PlyCount "56"]
[EventDate "2015.05.22"]
[EventType "swiss"]
[EventRounds "7"]
[EventCountry "NED"]
[Source "P.Boonen"]
[SourceDate "2015.01.01"]

1. e4 c5 2. Nf3 e6 3. d4 cxd4 4. Nxd4 Nf6 5. Nc3 Nc6 6. Nxc6 bxc6 7. e5 Nd5 8.
Ne4 Qc7 9. f4 Qb6 10. Qf3 Be7 11. a3 O-O 12. c4 f5 13. Nf2 Qa5+ 14. Bd2 Bb4 15.
O-O-O Bxd2+ 16. Rxd2 Nb6 17. Bd3 Ba6 18. Rc2 Qa4 19. Qe2 c5 20. g4 fxg4 21. Qe4
Rf5 22. Nxg4 Rb8 23. Rg1 Kh8 24. Nh6 gxh6 25. Qg2 Rf7 26. Qg4 Bb7 27. Bxh7 Rxh7
28. Qg6 Rf8 0-1

[Event "BPB Limburg-open C"]
[Site "Maastricht"]
[Date "2015.05.23"]
[Round "2"]
[White "Disters, Ingrid"]
[Black "Laureys, Jo"]
[Result "1-0"]
[WhiteElo "1182"]
[BlackElo "1283"]
[PlyCount "57"]
[EventDate "2015.05.22"]
[EventType "swiss"]
[EventRounds "7"]
[EventCountry "NED"]
[Source "P.Boonen"]
[SourceDate "2015.01.01"]

1. e4 e5 2. Nf3 Nc6 3. d4 exd4 4. Bc4 Be7 5. c3 Na5 6. Qxd4 Nf6 7. e5 Nh5 8.
Qd5 Nxc4 9. Qxc4 O-O 10. O-O d6 11. Re1 Be6 12. Qe4 g6 13. Bh6 d5 14. Qe3 Re8
15. Bg5 Ng7 16. Bxe7 Qxe7 17. Nbd2 Nf5 18. Qd3 c5 19. b3 Rac8 20. c4 Red8 21.
Qe2 g5 22. cxd5 Rxd5 23. Ne4 Kh8 24. Nexg5 Nd4 25. Qe4 Bf5 26. Qxd5 Nc2 27.
Nxf7+ Kg7 28. Nd6 Rc7 29. Nxf5+ 1-0

[Event "BPB Limburg-open C"]
[Site "Maastricht"]
[Date "2015.05.23"]
[Round "2"]
[White "Disters, Ray"]
[Black "Allaart, Janne"]
[Result "0-1"]
[WhiteElo "900"]
[BlackElo "1451"]
[PlyCount "78"]
[EventDate "2015.05.22"]
[EventType "swiss"]
[EventRounds "7"]
[EventCountry "NED"]
[Source "P.Boonen"]
[SourceDate "2015.01.01"]

1. e4 e5 2. Nf3 Nf6 3. Nxe5 d6 4. Nf3 Nxe4 5. Qe2 Qe7 6. d3 Nf6 7. Bg5 Bg4 8.
Nbd2 Nc6 9. Bxf6 gxf6 10. h3 Qxe2+ 11. Bxe2 Bh5 12. g4 Bg6 13. a3 h5 14. O-O-O
Bg7 15. Nh4 hxg4 16. Nxg6 fxg6 17. hxg4 O-O-O 18. c3 Rde8 19. Rde1 Rxh1 20.
Rxh1 Rxe2 21. Rh7 Re7 22. f4 Kd7 23. Nf3 Bf8 24. Rxe7+ Nxe7 25. c4 Bh6 26. g5
fxg5 27. fxg5 Bg7 28. Kc2 Nf5 29. b4 Nd4+ 30. Nxd4 Bxd4 31. Kd2 Ke6 32. Ke2 Kf5
33. Kf3 Bb2 34. a4 Bc1 35. d4 Bxg5 36. d5 c6 37. dxc6 bxc6 38. b5 cxb5 39. axb5
Bd8 0-1

[Event "BPB Limburg-open C"]
[Site "Maastricht"]
[Date "2015.05.23"]
[Round "2"]
[White "Eijkenboom, Raph"]
[Black "Rogge, Parcival"]
[Result "1/2-1/2"]
[WhiteElo "1226"]
[BlackElo "1185"]
[PlyCount "48"]
[EventDate "2015.05.22"]
[EventType "swiss"]
[EventRounds "7"]
[EventCountry "NED"]
[Source "P.Boonen"]
[SourceDate "2015.01.01"]

1. Nf3 d6 2. e4 Bg4 3. Nc3 c6 4. d3 g6 5. Be2 Bg7 6. O-O Nf6 7. h3 Bxf3 8. Bxf3
O-O 9. Re1 Qc7 10. Bf4 e5 11. Be3 c5 12. Qd2 Nc6 13. Nb5 Qd7 14. Bh6 a6 15. Nc3
Nd4 16. Bd1 Rac8 17. Ne2 Qc7 18. Nxd4 cxd4 19. Bxg7 Kxg7 20. Rc1 b5 21. c3 b4
22. c4 a5 23. Ba4 Qb7 24. b3 Rc5 1/2-1/2

[Event "BPB Limburg-open C"]
[Site "Maastricht"]
[Date "2015.05.23"]
[Round "2"]
[White "Fortenbacher, Dominic"]
[Black "Godde, Matthias"]
[Result "1/2-1/2"]
[WhiteElo "1520"]
[BlackElo "1562"]
[PlyCount "43"]
[EventDate "2015.05.22"]
[EventType "swiss"]
[EventRounds "7"]
[EventCountry "NED"]
[Source "P.Boonen"]
[SourceDate "2015.01.01"]

1. e4 c5 2. Nc3 e6 3. Nf3 Nc6 4. d4 cxd4 5. Nxd4 Bb4 6. Nxc6 Bxc3+ 7. bxc3 bxc6
8. Be3 Nf6 9. Bd3 Qa5 10. Qd2 O-O 11. O-O Bb7 12. Bg5 e5 13. Bxf6 gxf6 14. Qh6
Qxc3 15. Rab1 Rab8 16. f4 c5 17. f5 Qd4+ 18. Kh1 Bxe4 19. Qxf6 Rb6 20. Qg5+ Kh8
21. Rxb6 axb6 22. Qf6+ 1/2-1/2

[Event "BPB Limburg-open C"]
[Site "Maastricht"]
[Date "2015.05.23"]
[Round "2"]
[White "Han, Yichen"]
[Black "Van Stiphout, Sophie"]
[Result "1-0"]
[WhiteElo "1117"]
[BlackElo "1390"]
[PlyCount "25"]
[EventDate "2015.05.22"]
[EventType "swiss"]
[EventRounds "7"]
[EventCountry "NED"]
[Source "P.Boonen"]
[SourceDate "2015.01.01"]

1. e4 e5 2. Nf3 Nc6 3. Bc4 Bc5 4. b4 Bxb4 5. c3 Be7 6. d4 exd4 7. O-O d6 8. Qb3
Ne5 9. Nxe5 dxe5 10. Bxf7+ Kf8 11. f4 exf4 12. Rxf4 Bd6 13. Bg6+ 1-0

[Event "BPB Limburg-open C"]
[Site "Maastricht"]
[Date "2015.05.23"]
[Round "2"]
[White "Harder, Cindy"]
[Black "Valembois, Pierre"]
[Result "0-1"]
[WhiteElo "900"]
[BlackElo "1203"]
[PlyCount "59"]
[EventDate "2015.05.22"]
[EventType "swiss"]
[EventRounds "7"]
[EventCountry "NED"]
[Source "P.Boonen"]
[SourceDate "2015.01.01"]

1. e4 e5 2. Nf3 d6 3. d4 exd4 4. Nxd4 Nf6 5. Nc3 Be7 6. Bc4 O-O 7. Bf4 c6 8. e5
dxe5 9. Bxe5 Re8 10. O-O b5 11. Bd3 b4 12. Nce2 c5 13. Bb5 Bd7 14. Nf4 cxd4 15.
Bd3 Nc6 16. Re1 Nxe5 17. Rxe5 Bd6 18. Rxe8+ Qxe8 19. Qf3 Bc6 20. Qg3 Qb8 21.
Bc4 Bxf4 22. Qh3 Bd5 23. Bd3 Be4 24. Bc4 Bxc2 25. Re1 d3 26. Re7 d2 27. Bxf7+
Kf8 28. g3 d1=Q+ 29. Kg2 Kxe7 30. Bh5 0-1

[Event "BPB Limburg-open C"]
[Site "Maastricht"]
[Date "2015.05.23"]
[Round "2"]
[White "Heinen, Dai"]
[Black "Van Wijnendaele, Jovanni"]
[Result "0-1"]
[WhiteElo "1510"]
[BlackElo "1593"]
[PlyCount "70"]
[EventDate "2015.05.22"]
[EventType "swiss"]
[EventRounds "7"]
[EventCountry "NED"]
[Source "P.Boonen"]
[SourceDate "2015.01.01"]

1. e4 e6 2. Nf3 d5 3. exd5 exd5 4. d4 Bd6 5. Bd3 Nc6 6. Be3 Bg4 7. Nbd2 Nf6 8.
c3 Qd7 9. Qc2 h6 10. h3 Be6 11. O-O-O O-O-O 12. Nh4 Ne7 13. g4 g5 14. Ng2 Ne8
15. f4 f5 16. gxf5 Nxf5 17. fxg5 Nxe3 18. Nxe3 hxg5 19. Nf5 Bf4 20. Rde1 Kb8
21. Kd1 Nd6 22. Nxd6 Bxd6 23. Reg1 Bf4 24. Nf3 Bxh3 25. Qf2 Bg4 26. Kc2 Rxh1
27. Rxh1 Bf5 28. Bxf5 Qxf5+ 29. Kb3 a5 30. Rg1 Rg8 31. Nh4 Qd3 32. Qg2 a4+ 33.
Kxa4 Qc4+ 34. b4 Re8 35. Nf5 Re2 0-1

[Event "BPB Limburg-open C"]
[Site "Maastricht"]
[Date "2015.05.23"]
[Round "2"]
[White "Hillenkamp, Melchior"]
[Black "Koolen, Tom"]
[Result "1-0"]
[WhiteElo "1603"]
[BlackElo "900"]
[PlyCount "69"]
[EventDate "2015.05.22"]
[EventType "swiss"]
[EventRounds "7"]
[EventCountry "NED"]
[Source "P.Boonen"]
[SourceDate "2015.01.01"]

1. d4 Nf6 2. c4 g6 3. Nc3 Bg7 4. e4 d6 5. Nf3 Bg4 6. h3 Bxf3 7. gxf3 Nbd7 8.
Be2 c5 9. d5 O-O 10. Be3 a6 11. Qd2 Re8 12. Bh6 e5 13. Bxg7 Kxg7 14. f4 exf4
15. Qxf4 Qe7 16. f3 Nh5 17. Qe3 Qh4+ 18. Kd2 f5 19. Rh2 Ndf6 20. Bd3 Nf4 21.
Rb1 a5 22. Rg1 Re7 23. Bc2 Kh8 24. Nb5 Rae8 25. Nxd6 Rd8 26. Qxc5 Ra8 27. Kd1
Qh5 28. Qe3 Qh4 29. e5 Rf8 30. Qd4 N6h5 31. e6+ Ng7 32. Nf7+ Kg8 33. Bxf5 Qh5
34. Bg4 Qh4 35. Qxf4 1-0

[Event "BPB Limburg-open C"]
[Site "Maastricht"]
[Date "2015.05.23"]
[Round "2"]
[White "Hotwani, Rahul"]
[Black "De Schepper, Marcel"]
[Result "1/2-1/2"]
[WhiteElo "1697"]
[BlackElo "1660"]
[PlyCount "57"]
[EventDate "2015.05.22"]
[EventType "swiss"]
[EventRounds "7"]
[EventCountry "NED"]
[Source "P.Boonen"]
[SourceDate "2015.01.01"]

1. e4 e6 2. c4 d5 3. exd5 exd5 4. d4 Nf6 5. Nf3 Be7 6. h3 O-O 7. Bd3 dxc4 8.
Bxc4 h6 9. O-O Bf5 10. Nc3 c6 11. Be3 Nbd7 12. Nh4 Bh7 13. Qf3 Nb6 14. Bb3 Qd7
15. Qe2 Nfd5 16. Nf3 Bf6 17. Ne5 Qd6 18. Ng4 Bd8 19. Qd2 h5 20. Ne5 Bc7 21. Ne2
f6 22. Nf3 Be4 23. Bf4 Qd7 24. Bxc7 Qxc7 25. Nh2 Bg6 26. Ng3 Bf7 27. Nf3 Qf4
28. Qxf4 Nxf4 29. Rfe1 1/2-1/2

[Event "BPB Limburg-open C"]
[Site "Maastricht"]
[Date "2015.05.23"]
[Round "2"]
[White "Johnen, Franz"]
[Black "Boudry, Rik"]
[Result "1-0"]
[WhiteElo "1717"]
[BlackElo "1355"]
[PlyCount "38"]
[EventDate "2015.05.22"]
[EventType "swiss"]
[EventRounds "7"]
[EventCountry "NED"]
[Source "P.Boonen"]
[SourceDate "2015.01.01"]

1. d4 Nf6 2. Nf3 e6 3. c4 Bb4+ 4. Bd2 Bxd2+ 5. Nbxd2 d5 6. e3 Nbd7 7. Rc1 c5 8.
cxd5 Nxd5 9. dxc5 Qa5 10. Qc2 O-O 11. a3 Nb8 12. Bd3 Nf6 13. O-O Bd7 14. Ne4
Nh5 15. g4 f5 16. gxf5 exf5 17. Nd6 Bc6 18. Qc4+ Kh8 19. Ne5 h6 1-0

[Event "BPB Limburg-open C"]
[Site "Maastricht"]
[Date "2015.05.23"]
[Round "2"]
[White "Kalkman de Koster, Franzke"]
[Black "Daems, Jan"]
[Result "1-0"]
[WhiteElo "1558"]
[BlackElo "1099"]
[PlyCount "55"]
[EventDate "2015.05.22"]
[EventType "swiss"]
[EventRounds "7"]
[EventCountry "NED"]
[Source "P.Boonen"]
[SourceDate "2015.01.01"]

1. d4 e6 2. a3 d5 3. Nf3 Nc6 4. Bf4 Bd6 5. Be5 Bxe5 6. dxe5 Nge7 7. e3 a6 8.
Bd3 b5 9. c3 Bb7 10. Qc2 g6 11. Nbd2 Qd7 12. h3 Na7 13. O-O c5 14. b3 Qc7 15.
c4 dxc4 16. bxc4 bxc4 17. Bxc4 Nec6 18. Qc3 Ne7 19. Bd3 Nb5 20. Qc2 Nc6 21.
Qxc5 Rd8 22. Bxb5 Rd5 23. Bxc6+ Bxc6 24. Qc3 O-O 25. Rfc1 Rc8 26. Nd4 Rxd4 27.
Qxd4 Rd8 28. Rxc6 1-0

[Event "BPB Limburg-open C"]
[Site "Maastricht"]
[Date "2015.05.23"]
[Round "2"]
[White "Kutchoukov, Thomas"]
[Black "Oord, Jan"]
[Result "0-1"]
[WhiteElo "900"]
[BlackElo "1423"]
[PlyCount "42"]
[EventDate "2015.05.22"]
[EventType "swiss"]
[EventRounds "7"]
[EventCountry "NED"]
[Source "P.Boonen"]
[SourceDate "2015.01.01"]

1. e4 c5 2. Nf3 d6 3. Nc3 g6 4. Bb5+ Bd7 5. Bxd7+ Nxd7 6. O-O Bg7 7. d3 Ngf6 8.
Be3 Ng4 9. h3 Nxe3 10. fxe3 O-O 11. d4 cxd4 12. exd4 Qb6 13. b3 e5 14. Nd5 Qd8
15. dxe5 Nxe5 16. Re1 Nxf3+ 17. Qxf3 Bxa1 18. Rxa1 f5 19. exf5 Rxf5 20. Qe4 Re5
21. Qc4 Kg7 {.....} 0-1

[Event "BPB Limburg-open C"]
[Site "Maastricht"]
[Date "2015.05.23"]
[Round "2"]
[White "Lammes, Pim"]
[Black "Lennartz, Ludwig"]
[Result "1-0"]
[WhiteElo "1631"]
[BlackElo "1668"]
[PlyCount "25"]
[EventDate "2015.05.22"]
[EventType "swiss"]
[EventRounds "7"]
[EventCountry "NED"]
[Source "P.Boonen"]
[SourceDate "2015.01.01"]

1. e4 c5 2. Nf3 d6 3. b3 Nc6 4. Bb2 e6 5. d4 cxd4 6. Nxd4 Nf6 7. Bd3 Be7 8.
Nxc6 bxc6 9. O-O O-O 10. e5 dxe5 11. Bxe5 Bd6 12. Bxd6 Qxd6 13. Bxh7+ 1-0

[Event "BPB Limburg-open C"]
[Site "Maastricht"]
[Date "2015.05.23"]
[Round "2"]
[White "Langbroek, Aarnout"]
[Black "Kumpen, Jona"]
[Result "1/2-1/2"]
[WhiteElo "1679"]
[BlackElo "1607"]
[PlyCount "55"]
[EventDate "2015.05.22"]
[EventType "swiss"]
[EventRounds "7"]
[EventCountry "NED"]
[Source "P.Boonen"]
[SourceDate "2015.01.01"]

1. e4 e6 2. Nf3 d5 3. exd5 exd5 4. d4 Bd6 5. Bd3 Ne7 6. Bg5 f6 7. Be3 O-O 8.
O-O Bf5 9. Re1 Bxd3 10. Qxd3 Nd7 11. Nbd2 Re8 12. Re2 c6 13. Rae1 Nf8 14. Nf1
Qd7 15. Ng3 Nfg6 16. Bd2 a6 17. b3 Rad8 18. Kf1 Nc8 19. Qf5 Re7 20. Qxd7 Rdxd7
21. Nf5 Rxe2 22. Rxe2 Bf8 23. Re8 Nce7 24. Nxe7+ Nxe7 25. Ba5 Kf7 26. Rd8 Rxd8
27. Bxd8 Nf5 28. Bc7 1/2-1/2

[Event "BPB Limburg-open C"]
[Site "Maastricht"]
[Date "2015.05.23"]
[Round "2"]
[White "Lennartz, Tim"]
[Black "De Cocq, Marc"]
[Result "1-0"]
[WhiteElo "1533"]
[BlackElo "1277"]
[PlyCount "138"]
[EventDate "2015.05.22"]
[EventType "swiss"]
[EventRounds "7"]
[EventCountry "NED"]
[Source "P.Boonen"]
[SourceDate "2015.01.01"]

1. e4 e5 2. Nf3 Nc6 3. Bc4 d6 4. d4 Be7 5. O-O Nf6 6. dxe5 dxe5 7. Qxd8+ Bxd8
8. Nc3 Bg4 9. Ng5 Bh5 10. f4 Nd7 11. h3 h6 12. Nf3 f6 13. Be3 Be7 14. Nb5 Bd8
15. fxe5 Ndxe5 16. Nxe5 Nxe5 17. Bb3 Be2 18. Ba4 c6 19. Nd6+ Ke7 20. Nf5+ Kf7
21. Rf2 b5 22. Bb3+ Bc4 23. Nd6+ Ke7 24. Nxc4 Nxc4 25. Bxc4 bxc4 26. Rd1 Bb6
27. Bxb6 axb6 28. a3 Rhd8 29. Re1 Ke6 30. Rfe2 Rd4 31. c3 Rd3 32. e5 f5 33. Rf2
Rad8 34. Kh2 Rd2 35. Rf4 b5 36. Ref1 Rf8 37. Rd4 Rxd4 38. cxd4 Rd8 39. Rd1 c5
40. Kg3 Rxd4 41. Rb1 Kxe5 42. b4 Rd3+ 43. Kh4 cxb4 44. Rxb4 Rd5 45. Kh5 Kf6 46.
a4 bxa4 47. Rxc4 a3 48. Ra4 Rd3 49. Ra6+ Ke5 50. Ra5+ Kf6 51. Ra6+ Ke5 52. Kg6
f4 53. Ra5+ Ke4 54. Ra4+ Ke3 55. Kxg7 Kf2 56. Rxf4+ Kxg2 57. h4 Rh3 58. Kxh6
Kg3 59. Ra4 Kf2 60. Kg5 Ke2 61. Kg4 Rb3 62. h5 Kd2 63. h6 Kc2 64. h7 Rb8 65.
Rxa3 Rh8 66. Rh3 Kd2 67. Kg5 Ke2 68. Kg6 Rc8 69. h8=Q Rc6+ 1-0

[Event "BPB Limburg-open C"]
[Site "Maastricht"]
[Date "2015.05.23"]
[Round "2"]
[White "Linschoten, Astrid"]
[Black "Mohammadi Nia, Borna"]
[Result "1/2-1/2"]
[WhiteElo "900"]
[BlackElo "1241"]
[PlyCount "87"]
[EventDate "2015.05.22"]
[EventType "swiss"]
[EventRounds "7"]
[EventCountry "NED"]
[Source "P.Boonen"]
[SourceDate "2015.01.01"]

1. Nf3 Nf6 2. g3 g6 3. Bg2 Bg7 4. d3 d6 5. Nbd2 Nbd7 6. e4 e5 7. O-O O-O 8. b3
b6 9. Bb2 Bb7 10. Qe1 Qe8 11. d4 exd4 12. Nxd4 Ba6 13. c4 Ne5 14. Qe2 c5 15.
N4f3 Nxf3+ 16. Bxf3 Bb7 17. e5 Bxf3 18. Nxf3 Ng4 19. Rfe1 dxe5 20. Nxe5 Nxe5
21. Bxe5 Bxe5 22. Qxe5 Qxe5 23. Rxe5 Rfe8 24. Rae1 Kf8 25. Rxe8+ Rxe8 26. Kf1
h5 27. h4 f5 28. Rxe8+ Kxe8 29. f4 Kd7 30. Ke2 Kc6 31. Kd3 b5 32. Kc3 b4+ 33.
Kd3 a5 34. a4 bxa3 35. Kc2 Kb6 36. Kb1 a4 37. Ka2 axb3+ 38. Kxb3 Ka5 39. Kxa3
Kb6 40. Kb3 Ka5 41. Ka3 Ka6 42. Kb3 Kb6 43. Ka3 Ka5 44. Kb3 1/2-1/2

[Event "BPB Limburg-open C"]
[Site "Maastricht"]
[Date "2015.05.23"]
[Round "2"]
[White "Loutragotis, Dimitrios"]
[Black "Maters, Arthur"]
[Result "1-0"]
[WhiteElo "1659"]
[BlackElo "1189"]
[PlyCount "45"]
[EventDate "2015.05.22"]
[EventType "swiss"]
[EventRounds "7"]
[EventCountry "NED"]
[Source "P.Boonen"]
[SourceDate "2015.01.01"]

1. e4 c5 2. Nf3 d6 3. Nc3 Nf6 4. g3 Nc6 5. Bg2 g6 6. O-O Bg7 7. Re1 Ng4 8. h3
Nge5 9. Nxe5 Nxe5 10. d3 O-O 11. Be3 a6 12. Qc1 Re8 13. Bh6 Bh8 14. f4 Nc6 15.
Nd5 e6 16. Ne3 Rb8 17. Ng4 Bd7 18. e5 dxe5 19. fxe5 Qc7 20. Qf4 Qd8 21. Bg5 Re7
22. Bf6 Qf8 23. Nh6+ 1-0

[Event "BPB Limburg-open C"]
[Site "Maastricht"]
[Date "2015.05.23"]
[Round "2"]
[White "Loutragotis, Marios"]
[Black "Van Foreest, Machteld"]
[Result "0-1"]
[WhiteElo "900"]
[BlackElo "1420"]
[PlyCount "40"]
[EventDate "2015.05.22"]
[EventType "swiss"]
[EventRounds "7"]
[EventCountry "NED"]
[Source "P.Boonen"]
[SourceDate "2015.01.01"]

1. e4 e5 2. Nf3 Nc6 3. Bc4 Bc5 4. O-O d6 5. h3 Nf6 6. Nc3 Be6 7. Bb3 h6 8. d3
O-O 9. Be3 Bb6 10. Qd2 Re8 11. Rfe1 Qd7 12. Rad1 Rad8 13. d4 exd4 14. Nxd4 Nxd4
15. Bxd4 Bxd4 16. Qxd4 a6 17. e5 dxe5 18. Qxd7 Bxd7 19. Nd5 Nxd5 20. Rxd5 e4 {
.....} 0-1

[Event "BPB Limburg-open C"]
[Site "Maastricht"]
[Date "2015.05.23"]
[Round "2"]
[White "Loutragotis, Paraskevas Pantelei"]
[Black "Conte, Roberto"]
[Result "1-0"]
[WhiteElo "1562"]
[BlackElo "1631"]
[PlyCount "106"]
[EventDate "2015.05.22"]
[EventType "swiss"]
[EventRounds "7"]
[EventCountry "NED"]
[Source "P.Boonen"]
[SourceDate "2015.01.01"]

1. d4 Nf6 2. c4 g6 3. Nc3 Bg7 4. e4 d6 5. Nf3 O-O 6. Be2 a5 7. O-O b6 8. Ne1
Bb7 9. f3 c5 10. Be3 Na6 11. d5 Nd7 12. f4 Nc7 13. Nf3 Nf6 14. Ne1 Ba6 15. Rc1
Qe8 16. b3 b5 17. e5 dxe5 18. fxe5 Nd7 19. cxb5 Bb7 20. e6 fxe6 21. dxe6 Rxf1+
22. Bxf1 Nf8 23. Bxc5 Rd8 24. Qg4 Rd2 25. Qf4 Qd8 26. Qf7+ Kh8 27. Bxe7 Qd4+
28. Kh1 Rf2 29. Nf3 Bxf3 30. gxf3 Qd2 31. Ne2 Rxe2 32. Bxe2 Qxc1+ 33. Kg2 Ncxe6
34. Bxf8 Nf4+ 35. Kg3 Nxe2+ 36. Kg2 Qg1+ 37. Kh3 Qf1+ 38. Kh4 Qf2+ 39. Kh3 Ng1+
40. Kg4 h5+ 41. Kg5 Nh3+ 42. Kxg6 Qg2+ 43. Kf5 Qg5+ 44. Ke6 Nf4+ 45. Kd7 Qxb5+
46. Kc8 Qc6+ 47. Kb8 Be5+ 48. Ka7 Bd4+ 49. Kb8 Qb6+ 50. Kc8 Qa6+ 51. Qb7 Qxb7+
52. Kxb7 Ne6 53. Bd6 Nc5+ {.....} 1-0

[Event "BPB Limburg-open C"]
[Site "Maastricht"]
[Date "2015.05.23"]
[Round "2"]
[White "Mang, Jessie"]
[Black "Slangen-Knuit, Dien"]
[Result "1-0"]
[WhiteElo "955"]
[BlackElo "1033"]
[PlyCount "51"]
[EventDate "2015.05.22"]
[EventType "swiss"]
[EventRounds "7"]
[EventCountry "NED"]
[Source "P.Boonen"]
[SourceDate "2015.01.01"]

1. e4 e5 2. Nf3 d6 3. Bc4 h6 4. c3 Nf6 5. d3 Be7 6. O-O O-O 7. Re1 Nbd7 8. d4
exd4 9. cxd4 Nb6 10. Bb3 c5 11. dxc5 dxc5 12. Nc3 Nbd7 13. e5 Ne8 14. e6 fxe6
15. Bxe6+ Kh8 16. Nd5 Nef6 17. Nf4 Qe8 18. Bxd7 Bxd7 19. Qd3 Rd8 20. Ng6+ Kg8
21. Qc4+ Rf7 22. Rxe7 Bb5 23. Rxe8+ Nxe8 24. Qc2 Rfd7 25. Qb3+ Kh7 26. Nf8+ 1-0